000 00663nam a2200229Ia 4500
003 OSt
005 20220928130747.0
006 a|||||r|||| 00| 0
007 ta
008 220927b |||||||| |||| 00| 0 eng d
024 _a74071
037 _cTextual
040 _aSDCL
_cSDCL
_beng
041 _2eng
_aeng
082 _aO-944aN6, M1 RR
100 _aSingh Amritjit
_9475980
245 0 _aIndian literature in Englhis1827-1979
_b A guide to information sources.
260 _aMichigan
_bGale Research
_c1981
300 _axxii,631p
_ccm.
942 _hO-944aN6, M1 RR
_cTEXL
_2CC
999 _c788431
_d788431